Regiones de identificación y utilización de material forestal de reproducción. (Registro nro. 20582)
[ vista simple ]
| 000 -CABECERA | |
|---|---|
| Campo de control | 01078nam a22002897a 4500 |
| 005 - FECHA Y HORA DE LA ULTIMA TRANSACCION | |
| Campo de control | 20191112063942.0 |
| 008 - ELEMENTOS DE LONGITUD FIJA—INFORMACION GENERAL | |
| Campo de control | 191112b xxu||||| |||| 00| 0 spa d |
| 020 ## - ISBN | |
| ISBN | 848014307X |
| 040 ## - FUENTE DE CATALOGACIÓN | |
| Agencia catalogadora original | CO-BoIAVH |
| Agencia transcriptora | CO-BoIAVH |
| 041 ## - IDIOMA | |
| Código de idioma para texto/pista de sonido o título separado | Español |
| 044 ## - PAÍS DE PUBLICACIÓN | |
| País de publicación | España |
| 082 ## - NUMERO DE CLASIFICACION DECIMAL DEWEY | |
| Número de clasificación | 333.75068 |
| Número del ítem | G16r |
| 100 ## - ASIENTO PRINCIPAL--NOMBRE PERSONAL | |
| 9 (RLIN) | 101969 |
| Nombre personal | García del Barrio, José Manuel |
| 245 ## - MENCION DE TITULO | |
| Título | Regiones de identificación y utilización de material forestal de reproducción. |
| 260 ## - PUBLICACION, DISTRIBUCION, ETC. (PIE DE IMPRENTA) | |
| Lugar de publicación, distribución, etc. | Madrid: |
| Nombre del editor, distribuidor, etc. | Organismo Autónomo Parques Nacionales, |
| Fecha de publicación, distribución, etc. | 2001. |
| 300 ## - DESCRIPCION FISICA | |
| Extensión | 293 Páginas: |
| Otros detalles físicos | mapas, ilustraciones y tablas, |
| Dimensiones | 30 x 21 cm. |
| Material acompañante | 3 mapas plegables |
| 650 #0 - ASIENTO SECUNDARIO DE MATERIA - TERMINO TEMATICO | |
| 9 (RLIN) | 18652 |
| Término temático o nombre geográfico como elemento de entrada | Gestión forestal |
| 650 #0 - ASIENTO SECUNDARIO DE MATERIA - TERMINO TEMATICO | |
| 9 (RLIN) | 16840 |
| Término temático o nombre geográfico como elemento de entrada | Biodiversidad en bosques |
| 650 ## - ASIENTO SECUNDARIO DE MATERIA - TERMINO TEMATICO | |
| Término temático o nombre geográfico como elemento de entrada | Diversidad genética |
| 9 (RLIN) | 2003 |
| 650 #0 - ASIENTO SECUNDARIO DE MATERIA - TERMINO TEMATICO | |
| 9 (RLIN) | 2469 |
| Término temático o nombre geográfico como elemento de entrada | Especies forestales |
| 700 ## - ASIENTO SECUNDARIO - NOMBRE PERSONAL | |
| 9 (RLIN) | 101966 |
| Nombre personal | De Miguel y Del Ángel, Jesús |
| 700 ## - ASIENTO SECUNDARIO - NOMBRE PERSONAL | |
| 9 (RLIN) | 101970 |
| Nombre personal | Alía Miranda, Ricardo |
| 700 ## - ASIENTO SECUNDARIO - NOMBRE PERSONAL | |
| 9 (RLIN) | 101972 |
| Nombre personal | Iglesias Sauce, Salustiano |
| 710 ## - ASIENTO SECUNDARIO - NOMBRE CORPORATIVO | |
| 9 (RLIN) | 101973 |
| Nombre corporativo o de jurisdicción como elemento de entrada | Departamento de Selvicultura - CIFOR-INIA |
| 710 ## - ASIENTO SECUNDARIO - NOMBRE CORPORATIVO | |
| Nombre corporativo o de jurisdicción como elemento de entrada | Servicio de Material Genético - DGCN |
| 9 (RLIN) | 101974 |
| 942 ## - ELEMENTOS ADICIONALES (KOHA) | |
| Sistema de clasificación | Dewey Decimal Classification |
| Tipo de ítem | Libro |
| Withdrawn status | Lost status | Sistema de Clasificación | Damaged status | No para préstamo | Colección | Ubicación Permanente | Ubicación actual | Fecha de adquisición | Total Checkouts | Número topográfico | Inventario / Código de Barras | Date last seen | Ejemplar | Price effective from | Forma de adquisición | Tipo de material |
|---|---|---|---|---|---|---|---|---|---|---|---|---|---|---|---|---|
| Dewey Decimal Classification | General | Bogotá | Bogotá | 12/11/2019 | LB-333.75068 G16r | 043775 | 12/11/2019 | Ej.1 | 12/11/2019 | Canje | Libro |